New Zealand All Blacks Rugby Name the Player #1 - Statistics

General Stats
  • This quiz has been taken 136 times
  • The average score is 9 of 15
Answer Stats
Hint Answer % Correct
Only All Black Forward to kick a dropped goal in a test Zinzan Brooke
92%
Top All Blacks tryscorer in tests with 49 Doug Howlett
90%
Attended Wesley College, 1995 World Cup sensation Jonah Lomu
85%
Took over as captain in 2004 Tana Umaga
76%
Unbeaten as captain between 1987-1990 Wayne Shelford
69%
Only Father and Son to both captain the All Blacks Anton and Frank Oliver
65%
Most capped set of brothers Owen and Ben Franks
63%
Born in England and appeared at the 1987 World Cup John Gallagher
61%
Former All Black Captain and Coach known as the needle Fred Allen
59%
1905 Captain, born in Ireland and killed in WW1 Dave Gallaher
43%
The Final Member of the Geriatrics trio Andy Dalton
40%
The other player who scored all 4 ways Don Clarke
36%
One member of the Geriatrics front row Gary Knight
30%
One of two players to score all 4 ways in a test Allan Hewson
29%
Another of the Geriatrics Trio John Ashworth
29%
No matching quizzes found
Score Distribution
Percent of People with Each Score
Percentile by Number Answered
Your Score History
You have not taken this quiz